000 00598nam a2200169 a 4500
001 000037807
005 20201002031121.0
008 130306s1981 xxu 000 0 spa d
040 _aDO-SdBNP
_bspa
_cBNPHU
100 1 _aHernán ÒBrien, Horacio
_964254
245 1 0 _aEstructuras albebraicas III :
_bgrupos finitos /
_cHoracio Hernán ÒBrien,.
250 _a2a. ed.
260 _aWshington, DC. :
_bSecretaría General de la Organización de los Estados Américanos,
_c1981.
300 _a138 p. ;
_c24 cm.
490 1 _aMatemático
_aMonografía
_v14
830 0 _aMatemático
_pMonografía
_v14
_964255
999 _c37297
_d37297